Gizli güç beden dili: iş ve sosyal hayatta beden dili, iletişim ve ilişkiler (Record no. 16425)

000 -LEADER
fixed length control field 01094nmm a2200313 a 4500
001 - CONTROL NUMBER
control field ocm0001732439
003 - CONTROL NUMBER IDENTIFIER
control field TR-IsHL
005 - DATE AND TIME OF LATEST TRANSACTION
control field 20201028170744.0
008 - FIXED-LENGTH DATA ELEMENTS--GENERAL INFORMATION
fixed length control field 180207s2016 tu tur
007 - PHYSICAL DESCRIPTION FIXED FIELD--GENERAL INFORMATION
fixed length control field cr cn
020 ## - INTERNATIONAL STANDARD BOOK NUMBER
International Standard Book Number 9786058311633
035 ## - SYSTEM CONTROL NUMBER
System control number 1732439
-- (N$T)
050 04 - LIBRARY OF CONGRESS CALL NUMBER
Classification number BF637.N66
Item number Y47 2016
090 04 - LOCALLY ASSIGNED LC-TYPE CALL NUMBER (OCLC); LOCAL CALL NUMBER (RLIN)
Classification number (OCLC) (R) ; Classification number, CALL (RLIN) (NR) BF637.N66
Local cutter number (OCLC) ; Book number/undivided call number, CALL (RLIN) Y47 2016
100 1# - MAIN ENTRY--PERSONAL NAME
Personal name Yeşil, Mehmet Emin
245 10 - TITLE STATEMENT
Title Gizli güç beden dili: iş ve sosyal hayatta beden dili, iletişim ve ilişkiler
Medium [electronic resource] /
Statement of responsibility, etc. Mehmet Emin Yeşil ; editör İsmail Zengin
250 ## - EDITION STATEMENT
Edition statement Birinci basım
260 ## - PUBLICATION, DISTRIBUTION, ETC.
Place of publication, distribution, etc. İstanbul :
Name of publisher, distributor, etc. Maşuk Kitap,
Date of publication, distribution, etc. 2016
300 ## - PHYSICAL DESCRIPTION
Extent 184 p.
650 #4 - SUBJECT ADDED ENTRY--TOPICAL TERM
Topical term or geographic name entry element Felsefe, Psikoloji ve Din
650 #4 - SUBJECT ADDED ENTRY--TOPICAL TERM
Topical term or geographic name entry element Philosophy, Psychology and Religion
650 #0 - SUBJECT ADDED ENTRY--TOPICAL TERM
Topical term or geographic name entry element Beden dili
650 #0 - SUBJECT ADDED ENTRY--TOPICAL TERM
Topical term or geographic name entry element Body language
650 #0 - SUBJECT ADDED ENTRY--TOPICAL TERM
Topical term or geographic name entry element Sözsüz iletişim
650 #0 - SUBJECT ADDED ENTRY--TOPICAL TERM
Topical term or geographic name entry element Non-verbal communication
650 #7 - SUBJECT ADDED ENTRY--TOPICAL TERM
Topical term or geographic name entry element SOCIAL SCIENCE / Body Language & Nonverbal Communication
Source of heading or term bisacsh
700 1# - ADDED ENTRY--PERSONAL NAME
Personal name Zengin, İsmail
856 40 - ELECTRONIC LOCATION AND ACCESS
Uniform Resource Identifier <a href="http://search.ebscohost.com/login.aspx?direct=true&scope=site&db=e011xww&AN=1732439">http://search.ebscohost.com/login.aspx?direct=true&scope=site&db=e011xww&AN=1732439</a>

No items available.

Devinim Yazılım Eğitim Danışmanlık tarafından Koha'nın orjinal sürümü uyarlanarak geliştirilip kurulmuştur.